[Event "OLOA 1920 SG 1871 Löberitz - Nickelhü"]
[Site "?"]
[Date "2019.11.16"]
[Round "2.8"]
[White "Schindler, Christian"]
[Black "Heinz, Juergen"]
[Result "1/2-1/2"]
[WhiteElo "2175"]
[BlackElo "2209"]
[PlyCount "97"]
[EventDate "2019.??.??"]

1. d4 Nf6 2. Nf3 e6 3. c4 c5 4. Nc3 cxd4 5. Nxd4 Bb4 6. Qb3 Na6 7. a3 Bc5 8. e3
O-O 9. Be2 e5 10. Nf3 Re8 11. O-O d6 12. Rd1 Qe7 13. Qc2 Bg4 14. h3 Bh5 15. b4
Bb6 16. Bb2 Rac8 17. Qd2 Red8 18. Nd5 Nxd5 19. Qxd5 Nc7 20. Qd2 Ne6 21. Rac1 f5
22. Ne1 Bf7 23. Bf3 e4 24. Be2 Qh4 25. Nc2 f4 26. Nd4 Bxd4 27. Bxd4 f3 28. gxf3
Ng5 29. fxe4 Be6 30. Rf1 Rf8 31. f4 Qg3+ 32. Kh1 Qxh3+ 33. Kg1 Qg3+ 34. Kh1
Qh4+ 35. Kg1 Nxe4 36. Qe1 Ng3 37. Bf3 Rxc4 38. Rxc4 Bxc4 39. Rf2 Nf5 40. Qc3
Be6 41. Bxb7 Qe7 42. Be4 Rc8 43. Qb2 Nxd4 44. Qxd4 Rc1+ 45. Rf1 Rc4 46. Qd3 Qh4
47. Bd5 Qg3+ 48. Kh1 Qh3+ 49. Kg1 1/2-1/2

[Event "OLOA 1920 SG Leipzig II - SG Leipzig I"]
[Site "?"]
[Date "2019.11.16"]
[Round "2.1"]
[White "Natsidis, Christoph"]
[Black "Boehnisch, Manfred"]
[Result "1/2-1/2"]
[WhiteElo "2316"]
[BlackElo "2266"]
[PlyCount "38"]
[EventDate "2019.??.??"]

1. d4 d5 2. c4 c6 3. Nc3 dxc4 4. Nf3 Nf6 5. g3 Nbd7 6. Bg2 g6 7. O-O Bg7 8. e4
Nb6 9. a4 a5 10. h3 O-O 11. Be3 Nfd7 12. Qe2 e5 13. d5 Qe7 14. Nd2 Qb4 15. Rfc1
Rd8 16. Bf1 Bf8 17. Nxc4 Nxc4 18. Qxc4 Qxc4 19. Bxc4 Bc5 1/2-1/2

[Event "OLOA 1920 SG Leipzig II - SG Leipzig I"]
[Site "?"]
[Date "2019.11.16"]
[Round "2.2"]
[White "Schunk, Thomas"]
[Black "Richter, Leonard"]
[Result "0-1"]
[WhiteElo "2107"]
[BlackElo "2262"]
[PlyCount "64"]
[EventDate "2019.??.??"]

1. c4 Nf6 2. Nc3 g6 3. g3 Bg7 4. Bg2 d6 5. d4 O-O 6. Nf3 Nc6 7. O-O a6 8. h3
Bd7 9. b3 Rb8 10. e4 e5 11. dxe5 dxe5 12. a4 Qc8 13. Kh2 Rd8 14. Qe2 Nd4 15.
Nxd4 exd4 16. Na2 d3 17. Qxd3 Bxh3 18. Qb1 Bxg2 19. Kxg2 Nxe4 20. Qxe4 Bxa1 21.
Nb4 Re8 22. Qh4 Qe6 23. Bf4 Bf6 24. Qh2 Qe4+ 25. Kg1 Be5 26. Nd5 c6 27. Bxe5
Qxe5 28. Ne3 Qe4 29. Qh6 Re5 30. g4 Rd8 31. Qh4 Rd4 32. Re1 Rh5 0-1

[Event "OLOA 1920 SG Leipzig II - SG Leipzig I"]
[Site "?"]
[Date "2019.11.16"]
[Round "2.3"]
[White "Nguyen, Alex Dac-Vuong"]
[Black "Schultz, Andreas"]
[Result "0-1"]
[WhiteElo "2301"]
[BlackElo "2175"]
[PlyCount "70"]
[EventDate "2019.??.??"]

1. e4 e6 2. d4 d5 3. Nd2 c5 4. exd5 Qxd5 5. Ngf3 cxd4 6. Bc4 Qd6 7. O-O Nf6 8.
Nb3 Nc6 9. Nbxd4 Nxd4 10. Nxd4 a6 11. Re1 Qc7 12. Bb3 Bd6 13. Nf5 Bxh2+ 14. Kh1
O-O 15. Nxg7 Rd8 16. Qf3 Kxg7 17. g3 e5 18. Bg5 Rd6 19. Rad1 Kg6 20. Rxd6 Qxd6
21. Bxf6 Qxf6 22. Qxf6+ Kxf6 23. Kxh2 Bg4 24. Re4 Bf3 25. Rc4 Bc6 26. Rh4 Rd8
27. Kh3 Rd1 28. Kg4 Kg6 29. Rh2 f5+ 30. Kh4 Bf3 31. g4 fxg4 32. Be6 h5 33. a4
Rd2 34. Bc4 e4 35. Bb3 e3 0-1

[Event "OLOA 1920 SG Leipzig II - SG Leipzig I"]
[Site "?"]
[Date "2019.11.16"]
[Round "2.5"]
[White "Roesemann, Rainer"]
[Black "Ulms, Sandra"]
[Result "1/2-1/2"]
[WhiteElo "2244"]
[BlackElo "2149"]
[PlyCount "119"]
[EventDate "2019.??.??"]

1. c4 Nf6 2. g3 g6 3. Bg2 Bg7 4. Nc3 O-O 5. e4 c5 6. Nge2 Nc6 7. d3 Ne8 8. Be3
Nd4 9. O-O Nc7 10. Rb1 a5 11. f4 d6 12. h3 Rb8 13. g4 b5 14. Qd2 f5 15. exf5
gxf5 16. g5 e6 17. Ng3 Qe8 18. b3 Bb7 19. Bxb7 Rxb7 20. Nce2 Nxe2+ 21. Qxe2 Qc6
22. h4 b4 23. Rbc1 a4 24. h5 h6 25. Qd2 axb3 26. axb3 Ra7 27. d4 Ra3 28. Rb1
Rfa8 29. gxh6 Bxh6 30. d5 Qd7 31. dxe6 Qxe6 32. Qd3 Rf8 33. Rb2 Kh7 34. Bc1 Ra1
35. Re2 Qd7 36. Rfe1 Rf7 37. Bd2 Rxe1+ 38. Rxe1 Bg7 39. Be3 Na6 40. Rd1 Qe6 41.
Kf2 Bf8 42. Bc1 Qf6 43. Be3 Nc7 44. Qc2 Qh4 45. Kg2 Qg4 46. Qe2 Qg7 47. h6 Qg6
48. Rh1 Bxh6 49. Kf2 Rg7 50. Qf3 Ne8 51. Bc1 Nf6 52. Rh3 Ne4+ 53. Nxe4 fxe4 54.
Qh1 Re7 55. Be3 Qf6 56. f5 Qb2+ 57. Ke1 Qb1+ 58. Kf2 Qb2+ 59. Kf1 Qb1+ 60. Kf2
1/2-1/2

[Event "OLOA 1920 SG Leipzig II - SG Leipzig I"]
[Site "?"]
[Date "2019.11.16"]
[Round "2.7"]
[White "Rausch, Stephan"]
[Black "Haufe, Laurin"]
[Result "1/2-1/2"]
[WhiteElo "2256"]
[BlackElo "1920"]
[PlyCount "77"]
[EventDate "2019.??.??"]

1. d4 Nf6 2. Nf3 g6 3. c4 Bg7 4. Nc3 O-O 5. e4 d6 6. h3 e5 7. dxe5 dxe5 8. Qxd8
Rxd8 9. Bg5 Na6 10. Nd5 Rd6 11. Bxf6 Bxf6 12. O-O-O Kg7 13. Be2 Be6 14. Kc2
Rad8 15. Kc3 Nc5 16. Nd2 c6 17. Nxf6 Kxf6 18. b4 Rxd2 19. bxc5 Rxe2 20. Rxd8
Rxe4 21. Rc1 Rxc4+ 22. Kd2 Rxc1 23. Kxc1 Bxa2 24. Rb8 Bd5 25. g3 b6 26. cxb6
axb6 27. Rxb6 Kf5 28. Rb4 Bg2 29. h4 Bd5 30. Kd2 e4 31. Ke3 h6 32. Rb8 g5 33.
Rh8 Kg6 34. Rd8 Kf5 35. Rd6 gxh4 36. Rxh6 hxg3 37. fxg3 Kg4 38. Kf2 e3+ 39.
Kxe3 1/2-1/2

[Event "OLOA 1920 SV Sangerhausen - SK König P"]
[Site "?"]
[Date "2019.11.16"]
[Round "2.1"]
[White "Sandner, Gunter"]
[Black "Strache, Michael"]
[Result "0-1"]
[WhiteElo "2271"]
[BlackElo "2285"]
[PlyCount "92"]
[EventDate "2019.??.??"]

1. Nf3 c5 2. g3 b6 3. d3 Bb7 4. Bg2 e6 5. O-O d6 6. e4 Nd7 7. Nc3 Ngf6 8. Re1
Be7 9. Bf4 O-O 10. e5 dxe5 11. Nxe5 Qc8 12. a4 Nxe5 13. Bxe5 Rd8 14. Ne4 Nd5
15. c4 f6 16. cxd5 fxe5 17. d6 Bxd6 18. Qh5 Be7 19. Re3 Qc7 20. Bh3 Bxe4 21.
Bxe6+ Kh8 22. Rxe4 g6 23. Qe2 Bf6 24. h4 Qd6 25. Bc4 Rf8 26. Kg2 Bg7 27. Re1
Rf5 28. g4 Rff8 29. Qe3 Rad8 30. Re2 Qc6 31. Bb5 Qb7 32. Bc4 Rf4 33. f3 Rdf8
34. g5 Qd7 35. Qf2 Qxa4 36. h5 gxh5 37. Bf7 Rxe4 38. Rxe4 Qd7 39. Bxh5 Qxd3 40.
Qh4 Qd2+ 41. Kg3 Rf5 42. g6 Bf6 43. Qh3 Qg5+ 44. Bg4 Qxg6 45. Kf2 Rf4 46. Bh5
Qxe4 0-1

[Event "OLOA 1920 SV Sangerhausen - SK König P"]
[Site "?"]
[Date "2019.11.16"]
[Round "2.2"]
[White "Engelmann, Jakob"]
[Black "Kuraszkiewicz, Michael"]
[Result "1-0"]
[WhiteElo "2267"]
[BlackElo "2289"]
[PlyCount "69"]
[EventDate "2019.??.??"]

1. d4 d5 2. c4 e6 3. Nc3 Bb4 4. Nf3 Nf6 5. Bg5 dxc4 6. e4 b5 7. a4 c6 8. Qc2
Nbd7 9. e5 h6 10. exf6 hxg5 11. fxg7 Rg8 12. axb5 cxb5 13. Qe4 Nb6 14. Qh7 Ke7
15. Be2 Bb7 16. O-O Bxc3 17. bxc3 Nd5 18. Ne5 Nxc3 19. Bh5 Qxd4 20. Bxf7 Qxe5
21. Bxg8 Be4 22. Qh8 Qd4 23. Rae1 b4 24. Kh1 b3 25. f3 Bd3 26. Rxe6+ Kd7 27.
Rfe1 Ne2 28. R6xe2 Bxe2 29. Be6+ Kxe6 30. Qxa8 Qxg7 31. Rxe2+ Kd6 32. Qb8+ Kc5
33. Re5+ Kd4 34. Qd6+ Kc3 35. Re3+ 1-0

[Event "OLOA 1920 SV Sangerhausen - SK König P"]
[Site "?"]
[Date "2019.11.16"]
[Round "2.4"]
[White "Hillmann, Michael"]
[Black "Schaller, Sven"]
[Result "1/2-1/2"]
[WhiteElo "2133"]
[BlackElo "2252"]
[PlyCount "121"]
[EventDate "2019.??.??"]

1. Nf3 Nf6 2. c4 b6 3. g3 Bb7 4. Bg2 e6 5. O-O Be7 6. Nc3 O-O 7. Qc2 c5 8. Rd1
d6 9. d4 cxd4 10. Rxd4 a6 11. b3 Qc7 12. Ba3 Nbd7 13. Rc1 Rfc8 14. Qd1 Nc5 15.
Bb2 h6 16. a4 Rd8 17. Ba3 Rac8 18. b4 Nce4 19. Nxe4 Bxe4 20. b5 a5 21. Ne1 Bxg2
22. Nxg2 Rd7 23. Ne3 Qb7 24. f3 Rcd8 25. Kf2 Ne8 26. h4 h5 27. Qb3 Bf6 28. Rd3
Nc7 29. Rcd1 d5 30. cxd5 exd5 31. Nf5 d4 32. e3 dxe3+ 33. Nxe3 Bd4 34. Kg2 Ne6
35. Nc2 Nc5 36. Bxc5 Bxc5 37. Qc4 Rxd3 38. Rxd3 Re8 39. Rd2 g6 40. Qd3 Qe7 41.
Qf1 Qe5 42. Qd1 Kh7 43. Kh2 Qe6 44. Nd4 Qf6 45. f4 Re4 46. Nf3 Re3 47. Ng5+ Kg7
48. Rd7 Be7 49. Qd2 Rb3 50. Qe1 Rb2+ 51. Kh1 Qf5 52. Qc3+ Bf6 53. Rxf7+ Kg8 54.
Qxb2 Bxb2 55. Rxf5 gxf5 56. Kg2 Kg7 57. Kf2 Bc3 58. Ke2 Kf6 59. Nf3 Ke6 60. Kd3
Bf6 61. Kc4 1/2-1/2

[Event "OLOA 1920 SV Sangerhausen - SK König P"]
[Site "?"]
[Date "2019.11.16"]
[Round "2.5"]
[White "Pfretzschner, Roland"]
[Black "Hellwig, Tobias"]
[Result "0-1"]
[WhiteElo "2238"]
[BlackElo "2229"]
[PlyCount "44"]
[EventDate "2019.??.??"]

1. e4 Nf6 2. Nc3 d5 3. e5 d4 4. Nce2 Nfd7 5. e6 fxe6 6. Nxd4 Nf6 7. Ndf3 Nc6 8.
Bb5 Qd6 9. d4 Qb4+ 10. Bd2 Qxb5 11. Ne2 g6 12. b3 Ne4 13. g4 Nxd2 14. Qxd2 Qd5
15. Qe3 Bh6 16. Qxh6 Qxf3 17. O-O-O Qxe2 18. Qg7 Rf8 19. Rhe1 Qxg4 20. d5 exd5
21. Rxd5 Bd7 22. Red1 Qf4+ 0-1

[Event "OLOA 1920 SV Sangerhausen - SK König P"]
[Site "?"]
[Date "2019.11.16"]
[Round "2.6"]
[White "Richter, Dustin"]
[Black "Hoerr, Matthias"]
[Result "1-0"]
[WhiteElo "2126"]
[BlackElo "2152"]
[PlyCount "111"]
[EventDate "2019.??.??"]

1. d4 Nf6 2. Nf3 e6 3. c4 b6 4. g3 Ba6 5. Qa4 Bb7 6. Bg2 c5 7. O-O Be7 8. Nc3
O-O 9. Rd1 cxd4 10. Rxd4 Nc6 11. Rd1 Rc8 12. Bf4 Na5 13. Ne5 Bxg2 14. Kxg2 Qc7
15. Nb5 Qb7+ 16. Kg1 d5 17. cxd5 Nxd5 18. Bd2 a6 19. Nc3 Bf6 20. Nxd5 Bxe5 21.
Nxb6 Qxb6 22. Qxa5 Qxa5 23. Bxa5 Rc2 24. Rd2 Rxd2 25. Bxd2 Bxb2 26. Rb1 Bd4 27.
e3 Be5 28. Rb6 Ra8 29. Kf1 g6 30. Ke2 Kg7 31. f4 Bc7 32. Bc3+ Kf8 33. Rb7 Bd6
34. Bf6 a5 35. Kd3 Ke8 36. a4 Bb4 37. Kc4 Rc8+ 38. Kb5 h5 39. h3 Bc3 40. Bxc3
Rxc3 41. Kxa5 Rxe3 42. Kb4 Rxg3 43. a5 Rf3 44. a6 Rxf4+ 45. Kc5 Ra4 46. a7 Kf8
47. Rb8+ Kg7 48. a8=Q Rxa8 49. Rxa8 g5 50. Kd4 Kf6 51. Ke4 g4 52. h4 Kg7 53.
Re8 f5+ 54. Ke5 g3 55. Re7+ Kg8 56. Rxe6 1-0

[Event "OLOA 1920 SV Sangerhausen - SK König P"]
[Site "?"]
[Date "2019.11.16"]
[Round "2.7"]
[White "Linnert, Niklas"]
[Black "Buerckner, Georg"]
[Result "1-0"]
[WhiteElo "2059"]
[BlackElo "2045"]
[PlyCount "63"]
[EventDate "2019.??.??"]

1. e4 e5 2. Nf3 Nc6 3. Bb5 a6 4. Ba4 Bc5 5. c3 Ba7 6. O-O d6 7. h3 Nge7 8. d4
exd4 9. cxd4 O-O 10. Nc3 h6 11. Re1 f5 12. Bb3+ Kh8 13. e5 d5 14. Ne2 Ng6 15.
Bf4 Be6 16. Rc1 Qe7 17. Qd2 Rg8 18. Bxh6 Rae8 19. Bg5 Qf7 20. h4 Nf8 21. Be3
Nh7 22. Nf4 g6 23. g3 Bb6 24. Qe2 Nd8 25. Kg2 c6 26. Rh1 Qe7 27. h5 Bf7 28.
hxg6 Bxg6 29. Nh4 Bf7 30. Nxf5 Qg5 31. Rxh7+ Kxh7 32. Rh1+ 1-0

[Event "OLOA 1920 SV Sangerhausen - SK König P"]
[Site "?"]
[Date "2019.11.16"]
[Round "2.8"]
[White "Ellemann, Stefan"]
[Black "Pivtorak, Ilya"]
[Result "1-0"]
[WhiteElo "2004"]
[BlackElo "1497"]
[PlyCount "77"]
[EventDate "2019.??.??"]

1. d4 Nf6 2. Bf4 g6 3. Nc3 d5 4. e3 Bg7 5. Be2 O-O 6. h4 c5 7. h5 Qa5 8. Qd2
Nc6 9. hxg6 fxg6 10. Nf3 Ne4 11. Nxe4 dxe4 12. Bc4+ e6 13. Ng5 Qxd2+ 14. Kxd2
Nxd4 15. Rxh7 b5 16. Rxg7+ Kxg7 17. Be5+ Kh6 18. Nxe4 Rf5 19. exd4 bxc4 20. g4
Rxe5 21. dxe5 Bb7 22. Nxc5 Rf8 23. Nxb7 Rxf2+ 24. Ke3 Rxc2 25. Nd6 Kg5 26. Kf3
Kh6 27. g5+ Kg7 28. Rb1 c3 29. bxc3 Rxc3+ 30. Ke4 Ra3 31. Rb2 Ra4+ 32. Kd3 Ra5
33. Nc4 Rd5+ 34. Kc3 Rd1 35. Rb7+ Kf8 36. Rxa7 Rg1 37. Kd4 Rxg5 38. Kc5 Rg4 39.
Rc7 1-0

[Event "OLOA 1920 USV Halle - SK König Plauen "]
[Site "?"]
[Date "2019.11.16"]
[Round "2.1"]
[White "Burian, Simon"]
[Black "Becker, Michael"]
[Result "1/2-1/2"]
[WhiteElo "2136"]
[BlackElo "2264"]
[PlyCount "41"]
[EventDate "2019.??.??"]

1. e4 c5 2. Nf3 Nc6 3. Bb5 g6 4. c3 Nf6 5. e5 Nd5 6. O-O Bg7 7. d4 cxd4 8. cxd4
O-O 9. Nc3 Nxc3 10. bxc3 d6 11. Qa4 Bg4 12. exd6 Bxf3 13. dxe7 Nxe7 14. gxf3
Nd5 15. Bd2 Qh4 16. Qb3 Nf4 17. Bxf4 Qxf4 18. Rfe1 Rac8 19. Bf1 Qxf3 20. Re3
Qg4+ 21. Rg3 1/2-1/2

[Event "OLOA 1920 USV Halle - SK König Plauen "]
[Site "?"]
[Date "2019.11.16"]
[Round "2.2"]
[White "Hartge, Gedeon"]
[Black "Paul, Mathias"]
[Result "1-0"]
[WhiteElo "2239"]
[BlackElo "2184"]
[PlyCount "149"]
[EventDate "2019.??.??"]

1. d4 Nf6 2. c4 g6 3. f3 e5 4. dxe5 Nh5 5. Nh3 Nc6 6. Nc3 Nxe5 7. e4 d6 8. Nf2
Be6 9. Be3 Qd7 10. b3 Bg7 11. Rc1 f5 12. f4 Ng4 13. Nxg4 fxg4 14. g3 O-O 15.
Bg2 Rae8 16. O-O Qc8 17. Bd4 Nf6 18. Qd2 a6 19. Rfe1 c5 20. Bf2 Rd8 21. a4 Rfe8
22. Re3 Bd7 23. Rce1 Bc6 24. Qc2 Nd7 25. Rd3 Nf8 26. Qd1 Ne6 27. Qxg4 Nd4 28.
Qxc8 Rxc8 29. Ne2 Bxe4 30. Bxe4 Rxe4 31. Nxd4 Rxe1+ 32. Bxe1 cxd4 33. Bf2 d5
34. cxd5 Rd8 35. Kg2 Rxd5 36. Kf3 Rd8 37. Ke4 Re8+ 38. Kf3 Rd8 39. h3 Kf7 40.
Ke4 Re8+ 41. Kf3 Rd8 42. Rd2 Rd7 43. Ke4 Re7+ 44. Kd3 Rd7 45. Re2 h5 46. Re4
Bf6 47. Bxd4 Be7 48. Ke3 Rc7 49. Be5 Bc5+ 50. Ke2 Rd7 51. Rc4 Bb6 52. Rc8 Ba5
53. Bc3 Re7+ 54. Kd3 Bb6 55. Be5 Rd7+ 56. Kc2 Ba5 57. Bc3 Bb6 58. Rh8 Ke6 59.
g4 hxg4 60. hxg4 Kd5 61. Re8 Bd4 62. Bxd4 Kxd4 63. Re6 Rf7 64. Rxg6 Rxf4 65.
Kb2 Kc5 66. Ka3 b6 67. Rg8 b5 68. axb5 axb5 69. g5 Rf2 70. Rc8+ Kb6 71. g6 Rg2
72. Rg8 Ka5 73. b4+ Kb6 74. g7 Kc7 75. Ra8 1-0

[Event "OLOA 1920 USV Halle - SK König Plauen "]
[Site "?"]
[Date "2019.11.16"]
[Round "2.3"]
[White "Beyer, Christof"]
[Black "Hoepfl, Thomas"]
[Result "0-1"]
[WhiteElo "2026"]
[BlackElo "2241"]
[PlyCount "110"]
[EventDate "2019.??.??"]

1. e4 e5 2. Nf3 Nc6 3. Bc4 Bc5 4. c3 Nf6 5. d4 exd4 6. e5 d5 7. Bb5 Ne4 8. cxd4
Bb6 9. Nc3 O-O 10. Be3 Bg4 11. h3 Bxf3 12. gxf3 Nxc3 13. bxc3 f5 14. f4 Ne7 15.
h4 Rc8 16. Qa4 c6 17. Bd3 c5 18. Ke2 cxd4 19. cxd4 Nc6 20. Rac1 Qe8 21. Qb3 Kh8
22. Qb2 Qe6 23. Rhg1 Rc7 24. Rg5 h6 25. Rgg1 Rfc8 26. Rcd1 Ne7 27. Rg3 Qc6 28.
Rdg1 Rg8 29. Rc1 Qd7 30. Bb5 Qc8 31. Rgg1 Rxc1 32. Rxc1 Qe6 33. Bd2 Qg6 34. Qa3
Nc6 35. Bxc6 bxc6 36. Qd6 Qg4+ 37. Kf1 Bxd4 38. Rxc6 Qf3 39. Be1 Qd3+ 40. Kg2
Qe4+ 41. Kf1 Bb6 42. Qb4 d4 43. Rg6 Qxf4 44. Qd6 Qxh4 45. e6 Qh1+ 46. Rg1 Qh3+
47. Rg2 Qd3+ 48. Kg1 Qd1 49. Qe5 Bc7 50. Qxc7 Qxe1+ 51. Kh2 Qxe6 52. Qxa7 Qd6+
53. Kh3 d3 54. Rg1 d2 55. Rd1 Qf4 0-1

[Event "OLOA 1920 USV Halle - SK König Plauen "]
[Site "?"]
[Date "2019.11.16"]
[Round "2.4"]
[White "Reipsch, Jens"]
[Black "Pfeufer, Lion"]
[Result "1-0"]
[WhiteElo "2248"]
[BlackElo "2050"]
[PlyCount "65"]
[EventDate "2019.??.??"]

1. e4 c5 2. Nf3 Nc6 3. Bb5 Nf6 4. e5 Nd5 5. c4 Nb6 6. O-O a6 7. Bxc6 dxc6 8. b3
Bg4 9. h3 Bxf3 10. Qxf3 e6 11. Nc3 Qc7 12. Qe3 O-O-O 13. Bb2 Kb8 14. Ne4 Nd7
15. Ng5 Nb6 16. Rad1 h6 17. Ne4 Nd7 18. d4 cxd4 19. Rxd4 c5 20. Rd2 Be7 21.
Rfd1 Nxe5 22. Rxd8+ Rxd8 23. Rxd8+ Bxd8 24. Nxc5 Nc6 25. Bxg7 Bg5 26. Qd3 Qa5
27. Bd4 Nxd4 28. Qxd4 Qc7 29. g3 Be7 30. Nd3 Bd6 31. Qh8+ Ka7 32. Qxh6 e5 33.
c5 1-0

[Event "OLOA 1920 USV Halle - SK König Plauen "]
[Site "?"]
[Date "2019.11.16"]
[Round "2.5"]
[White "Hoerr, Christian"]
[Black "Schulte, Felix"]
[Result "0-1"]
[WhiteElo "1899"]
[BlackElo "2097"]
[PlyCount "74"]
[EventDate "2019.??.??"]

1. e4 c5 2. Nc3 Nc6 3. g3 g6 4. Bg2 Bg7 5. d3 d6 6. f4 e6 7. Nf3 Nge7 8. O-O
O-O 9. Be3 Nd4 10. Qd2 Nec6 11. Rae1 Rb8 12. Ne2 b5 13. c3 Nxe2+ 14. Rxe2 Ba6
15. f5 b4 16. fxe6 fxe6 17. c4 Ne5 18. Nxe5 Rxf1+ 19. Bxf1 Bxe5 20. Rf2 Qb6 21.
Bh3 Re8 22. Qe2 Bc8 23. Qf3 Qc7 24. Bh6 Bd4 25. Be3 Bg7 26. Qd1 Qa5 27. b3 Qc7
28. d4 Bb7 29. Bg2 d5 30. dxc5 d4 31. Bxd4 Rd8 32. Rd2 Bxd4+ 33. Kh1 Bf6 34.
Rxd8+ Qxd8 35. Qe1 Qd4 36. e5 Bxg2+ 37. Kxg2 Be7 0-1

[Event "OLOA 1920 USV Halle - SK König Plauen "]
[Site "?"]
[Date "2019.11.16"]
[Round "2.6"]
[White "Groeger, Stefan"]
[Black "Merkel, Toni"]
[Result "1-0"]
[WhiteElo "2110"]
[BlackElo "1908"]
[PlyCount "85"]
[EventDate "2019.??.??"]

1. d4 Nf6 2. c4 g6 3. Nc3 Bg7 4. e4 d6 5. Nf3 O-O 6. Be2 e5 7. h3 Nc6 8. d5 Ne7
9. g4 c6 10. Be3 Qa5 11. Qd2 cxd5 12. Nxd5 Qxd2+ 13. Nxd2 Nfxd5 14. cxd5 f5 15.
f3 f4 16. Bf2 Bd7 17. Nc4 Nc8 18. Rc1 b6 19. Na3 a6 20. Rc7 Rf7 21. Kd2 Bf6 22.
Rhc1 Bd8 23. R7c2 Kf8 24. Bd3 h6 25. Ke2 b5 26. Nb1 Nb6 27. Nd2 Ke8 28. a3 a5
29. Nb1 Na4 30. Nc3 Nxc3+ 31. bxc3 b4 32. cxb4 axb4 33. axb4 Rb8 34. Rb2 Bb5
35. Bxb5+ Rxb5 36. Rc6 Kd7 37. Kd3 h5 38. Kc4 Rb7 39. b5 hxg4 40. fxg4 f3 41.
b6 Be7 42. Kb5 Bf8 43. Ra2 1-0

[Event "OLOA 1920 USV Halle - SK König Plauen "]
[Site "?"]
[Date "2019.11.16"]
[Round "2.7"]
[White "Franz, Tobias"]
[Black "Hentzgen, Thomas"]
[Result "0-1"]
[WhiteElo "1867"]
[BlackElo "2022"]
[PlyCount "110"]
[EventDate "2019.??.??"]

1. e4 e6 2. d4 d5 3. Nc3 Bb4 4. e5 c5 5. a3 Ba5 6. Nf3 Nc6 7. Bb5 Bd7 8. Bxc6
Bxc6 9. O-O Ne7 10. Bg5 h6 11. Bd2 Bb6 12. Ne2 Nf5 13. dxc5 Bxc5 14. Bb4 Bxb4
15. axb4 Qb6 16. c3 Bb5 17. Re1 Bxe2 18. Rxe2 O-O 19. Rd2 a5 20. bxa5 Rxa5 21.
Rxa5 Qxa5 22. Nd4 Nxd4 23. Rxd4 Ra8 24. h3 Qc7 25. Ra4 Rxa4 26. Qxa4 Qxe5 27.
Qe8+ Kh7 28. Qxf7 Qe2 29. Qxb7 Qe1+ 30. Kh2 Qxf2 31. b4 Qf4+ 32. Kg1 Qe3+ 33.
Kh1 Qxc3 34. b5 Qe1+ 35. Kh2 Qe5+ 36. Kh1 d4 37. b6 d3 38. Qc7 Qxc7 39. bxc7 d2
40. c8=Q d1=Q+ 41. Kh2 Qe2 42. Qd7 Qe5+ 43. Kg1 Qf5 44. Kh2 h5 45. Qe7 e5 46.
Qh4 Qf4+ 47. Qxf4 exf4 48. g3 g5 49. gxf4 gxf4 50. Kg2 Kg6 51. h4 Kf5 52. Kf3
Ke5 53. Kf2 Ke4 54. Kg2 Ke3 55. Kg1 Ke2 0-1

[Event "OLOA 1920 USV Halle - SK König Plauen "]
[Site "?"]
[Date "2019.11.16"]
[Round "2.8"]
[White "Schulemann, Gero"]
[Black "Graf, Lucas"]
[Result "0-1"]
[WhiteElo "1775"]
[BlackElo "1796"]
[PlyCount "62"]
[EventDate "2019.??.??"]

1. e4 c5 2. Nf3 d6 3. d4 cxd4 4. Nxd4 Nf6 5. Nc3 a6 6. f3 e6 7. Be3 Nbd7 8. Qd2
Qc7 9. a4 Be7 10. Be2 b6 11. O-O Bb7 12. Rfd1 O-O 13. Nb3 Nc5 14. a5 b5 15. Nd4
d5 16. exd5 Nxd5 17. Nxd5 Bxd5 18. b4 Na4 19. c4 Bxc4 20. Rdc1 Rfd8 21. Rxa4 e5
22. Bxc4 bxc4 23. Qc3 exd4 24. Bxd4 Qd7 25. Bxg7 Qxa4 26. Bh6 Bf8 27. Qf6 Rd6
28. Qg5+ Rg6 29. Qd5 Re8 30. Bf4 Qxb4 31. Bd2 Qc5+ 0-1

[Event "OLOA 1920 SG G-W Dresden - SV Rochade M"]
[Site "?"]
[Date "2019.11.16"]
[Round "2.1"]
[White "Hollan, Martin"]
[Black "Zwahr, Paul"]
[Result "0-1"]
[WhiteElo "2373"]
[BlackElo "2270"]
[PlyCount "76"]
[EventDate "2019.??.??"]

1. e4 c5 2. Nf3 d6 3. d4 Nf6 4. Nc3 cxd4 5. Nxd4 a6 6. Be3 e5 7. Nb3 Be7 8. h3
Be6 9. f4 exf4 10. Bxf4 Nc6 11. Qe2 Ne5 12. O-O-O Qc7 13. Kb1 Rc8 14. g4 Nc4
15. Nd5 Bxd5 16. exd5 O-O 17. Qg2 Nd7 18. Bxc4 Qxc4 19. Rd4 Qc7 20. g5 Ne5 21.
Re4 f5 22. Re2 Ng6 23. Qh2 Qc4 24. Rf1 Rf7 25. h4 Qxd5 26. Bc1 Nf8 27. h5 g6
28. Rfe1 Rc7 29. Bf4 gxh5 30. Qxh5 Ng6 31. Bc1 f4 32. Re6 f3 33. Qh1 Qc4 34.
Rf6 Bxf6 35. Re8+ Rf8 36. Rxf8+ Kxf8 37. gxf6 f2 38. Bh6+ Kg8 0-1

[Event "OLOA 1920 SG G-W Dresden - SV Rochade M"]
[Site "?"]
[Date "2019.11.16"]
[Round "2.2"]
[White "Siedentopf, Daniel"]
[Black "Hollan, Petr"]
[Result "0-1"]
[WhiteElo "2282"]
[BlackElo "2286"]
[PlyCount "62"]
[EventDate "2019.??.??"]

1. d4 Nf6 2. c4 g6 3. Nc3 Bg7 4. e4 d6 5. Nf3 O-O 6. h3 c5 7. d5 e6 8. Bd3 exd5
9. cxd5 b5 10. Nxb5 Re8 11. O-O Nxe4 12. Re1 a6 13. Na3 Nf6 14. Rxe8+ Nxe8 15.
Nc4 Nd7 16. Bd2 Bb7 17. Ba5 Qe7 18. Qa4 Bxd5 19. Re1 Be6 20. Be4 Rb8 21. Bc6
Nef6 22. Bc7 Rb4 23. Qxa6 Rxc4 24. Qxc4 Ne5 25. Bxd6 Qxd6 26. Qf4 Nh5 27. Qh2
Nxf3+ 28. Bxf3 Nf4 29. Rd1 Bd4 30. b3 Bxf2+ 31. Kxf2 Nd3+ 0-1

[Event "OLOA 1920 SG G-W Dresden - SV Rochade M"]
[Site "?"]
[Date "2019.11.16"]
[Round "2.3"]
[White "Kuchynka, Lukas"]
[Black "Genkin, Michael"]
[Result "0-1"]
[WhiteElo "2322"]
[BlackElo "2270"]
[PlyCount "118"]
[EventDate "2019.??.??"]

1. d4 Nf6 2. Bf4 e6 3. e3 b6 4. Nf3 Bb7 5. Nbd2 Be7 6. h3 c5 7. c3 O-O 8. Bd3
d6 9. O-O a6 10. Qe2 cxd4 11. exd4 Re8 12. Bh2 Nbd7 13. Rfe1 Nf8 14. Rad1 b5
15. Rc1 Nd5 16. a3 Ng6 17. Bb1 Ndf4 18. Qf1 Bf8 19. Be4 Bxe4 20. Nxe4 Rc8 21.
Bxf4 Nxf4 22. g3 Nd5 23. Qd3 h6 24. b3 Nb6 25. Ned2 Rc7 26. Nh2 Qa8 27. Ng4
Rec8 28. c4 bxc4 29. bxc4 Be7 30. h4 h5 31. Ne3 Bf8 32. Rb1 Nd7 33. Ne4 g6 34.
Ng5 Bg7 35. Rb4 Rb7 36. Ng2 Rxb4 37. axb4 Qb7 38. Rb1 d5 39. c5 Qb5 40. Qf3 Rf8
41. Qc3 Nb8 42. Ne3 Nc6 43. Nc2 a5 44. Rb3 axb4 45. Nxb4 Nxd4 46. Qd3 Qxc5 47.
Rb1 Rb8 48. Na6 Rxb1+ 49. Qxb1 Qc1+ 50. Qxc1 Ne2+ 51. Kf1 Nxc1 52. Nc7 Be5 53.
Nb5 Kf8 54. f4 Bf6 55. Nf3 Ke7 56. Kf2 Nd3+ 57. Ke3 Nc5 58. Nd2 Nb7 59. Kf3 Nd6
0-1

[Event "OLOA 1920 SG G-W Dresden - SV Rochade M"]
[Site "?"]
[Date "2019.11.16"]
[Round "2.4"]
[White "Zimmermann, Rene"]
[Black "Niering, Martin"]
[Result "0-1"]
[WhiteElo "2216"]
[BlackElo "2198"]
[PlyCount "94"]
[EventDate "2019.??.??"]

1. d4 e6 2. c3 f5 3. g4 fxg4 4. h3 g3 5. fxg3 Nf6 6. Bg5 Be7 7. Bg2 Nh5 8. Bf4
Bh4 9. Nf3 Nxg3 10. Bxg3 Bxg3+ 11. Kd2 d5 12. e3 Nc6 13. Kc2 e5 14. b3 O-O 15.
Rf1 Bf5+ 16. Kb2 e4 17. Ng1 Qg5 18. Qd2 Be6 19. Na3 Ne7 20. Nc2 Nf5 21. c4 c6
22. Bh1 Bd6 23. Ne2 Nh4 24. c5 Bc7 25. Qb4 b5 26. cxb6 axb6 27. Qc3 Bd7 28. Rg1
Qh6 29. Rac1 Rf2 30. Qe1 Rh2 31. Nf4 Bxf4 32. exf4 Qxf4 33. Qb4 Qf8 34. Qxb6
Qa3+ 35. Kc3 Qxa2 36. Rg3 Nf5 37. Rg2 Rxh3+ 38. Kd2 Qb2 39. Qc5 Qxb3 40. Rcg1
Qd3+ 41. Kc1 g6 42. Rf2 Qc3 43. Qxc3 Rxc3 44. Kb2 Rd3 45. Bg2 Rb8+ 46. Kc1 e3
47. Rf3 Rdb3 0-1

[Event "OLOA 1920 SG G-W Dresden - SV Rochade M"]
[Site "?"]
[Date "2019.11.16"]
[Round "2.5"]
[White "Stolz, Mike"]
[Black "Gehmlich, Marcel"]
[Result "1-0"]
[WhiteElo "2309"]
[BlackElo "2204"]
[PlyCount "77"]
[EventDate "2019.??.??"]

1. e4 c5 2. c3 e5 3. Nf3 Nc6 4. Bc4 Qc7 5. O-O Nf6 6. Re1 Be7 7. a4 O-O 8. Na3
a6 9. Ba2 Rb8 10. d4 d6 11. d5 Nd8 12. b4 b5 13. axb5 axb5 14. c4 bxc4 15. bxc5
Qxc5 16. Nxc4 Ng4 17. Qd2 Ra8 18. h3 Nf6 19. Re3 Nb7 20. Ba3 Rxa3 21. Nxa3 Nxe4
22. Qb2 Nf6 23. Rc1 Qa7 24. Rc7 Nd7 25. Rb3 Ndc5 26. Rxe7 Nxb3 27. Qxb3 Qa6 28.
Bb1 Nc5 29. Qe3 Bb7 30. Ng5 h6 31. Nh7 Ra8 32. Qf3 Bxd5 33. Qxd5 Ne6 34. Nb5
Qa1 35. Qe4 d5 36. Qf5 e4 37. Rxf7 Qxb1+ 38. Kh2 Ra1 39. Qxe6 1-0